000 00622nam a2200193Ia 4500
008 151121s9999||||xx |||||||||||||| ||und||
082 _a812/साठे
082 _bHNW-54001
100 _aसाठे शं।गो।
245 _aपहाटेची चाहूल
260 _b"पॉप्युलर बुक डेपो, मुंबई।"
260 _c--
300 _a97
600 _aसाठे शं।गो।
630 _aपहाटेची चाहूल
700 _aसाठे शं।गो।
730 _aपहाटेची चाहूल
942 _cBOOK
999 _c1237394
_d1237391